000 00360nam a2200133Ia 4500
008 240624s9999 xx 000 0 und d
041 _aeng
082 _a332.67 ZIE
100 _aZIEMBA RACHEL E
245 _aSCENARIOS FOR RISK MANAGEMENT AND GLOBAL
260 _c2007
_aNew York
_bJohn WIley & Sons
300 _axviii, : 315 : p. : cm. ; 25
365 _c
_b27
999 _c20725
_d20725